[Event "MCR_CF18"]
[Site "?"]
[Date "2007.??.??"]
[Round "?"]
[White "Jurci, Peter"]
[Black "Benes, Jiri"]
[Result "1/2-1/2"]
[WhiteElo "2013"]
[BlackElo "1802"]
[PlyCount "60"]
[EventDate "2007.??.??"]
[EventType "corr"]
[EventRounds "2"]
[SourceDate "2007.09.24"]

1. d4 g6 2. c4 Bg7 3. Nc3 c5 4. Nf3 cxd4 5. Nxd4 Nc6 6. e3 Nf6 7. Be2 O-O 8.
O-O d5 9. cxd5 Nxd5 10. Nxc6 bxc6 11. Na4 Rb8 12. e4 Nc7 13. Be3 Rb4 14. Qc2
Ne6 15. Rad1 Nd4 16. Bxd4 Bxd4 17. a3 Rb8 18. Qxc6 e5 19. b4 a5 20. Rb1 axb4
21. axb4 Qg5 22. Qc1 Qxc1 23. Rfxc1 f5 24. Nc3 Be6 25. b5 fxe4 26. Nd1 Rb7 27.
h3 Kg7 28. Bc4 Bf7 29. Bxf7 Kxf7 30. Rb4 Ke6 1/2-1/2

[Event "MCR_CF18"]
[Site "?"]
[Date "2007.??.??"]
[Round "?"]
[White "Houdek, Vladimir"]
[Black "Novak, Vaclav"]
[Result "1/2-1/2"]
[WhiteElo "2167"]
[BlackElo "2001"]
[PlyCount "53"]
[EventDate "2007.??.??"]
[EventType "corr"]
[EventRounds "2"]
[SourceDate "2007.09.24"]

1. d4 g6 2. e4 Bg7 3. Nc3 d6 4. Nf3 c6 5. Be2 Nf6 6. O-O O-O 7. Re1 Nbd7 8. Bf4
Nh5 9. Be3 e5 10. Qd2 Qc7 11. Rad1 b5 12. dxe5 dxe5 13. Qd6 Qb7 14. Nd2 Nf4 15.
Bxf4 exf4 16. Qxf4 Nb6 17. a3 Qe7 18. Nf3 Bxc3 19. bxc3 Qxa3 20. c4 bxc4 21.
Ne5 Qc5 22. Qf6 Be6 23. Kh1 Rae8 24. f4 Qe7 25. Qxe7 Rxe7 26. Nxc6 Rc7 27. Nd4
1/2-1/2

[Event "MCR_CF18"]
[Site "?"]
[Date "2007.??.??"]
[Round "?"]
[White "Houdek, Vladimir"]
[Black "Mudra, Oldrich"]
[Result "1/2-1/2"]
[WhiteElo "2167"]
[BlackElo "2116"]
[PlyCount "39"]
[EventDate "2007.??.??"]
[EventType "corr"]
[EventRounds "2"]
[SourceDate "2007.09.24"]

1. d4 Nf6 2. Nf3 d5 3. c4 e6 4. Nc3 c6 5. e3 Nbd7 6. Bd3 dxc4 7. Bxc4 b5 8. Be2
a6 9. O-O Bb7 10. e4 c5 11. e5 Nd5 12. a4 b4 13. Ne4 Qc7 14. Re1 h6 15. Bd2
cxd4 16. Nxd4 Nxe5 17. Rc1 Qb6 18. Nb3 Be7 19. Nec5 Rc8 20. a5 1/2-1/2

[Event "MCR_CF18"]
[Site "?"]
[Date "2007.??.??"]
[Round "?"]
[White "Houdek, Vladimir"]
[Black "Mikolas, Jan"]
[Result "1-0"]
[WhiteElo "2167"]
[BlackElo "2123"]
[PlyCount "65"]
[EventDate "2007.??.??"]
[EventType "corr"]
[EventRounds "2"]
[SourceDate "2007.09.24"]

1. d4 Nf6 2. Nf3 e6 3. c4 b6 4. a3 d5 5. cxd5 exd5 6. Nc3 c6 7. Bg5 Bd6 8. e3
h6 9. Bh4 g5 10. Bg3 Bxg3 11. hxg3 Ng4 12. Qc2 Be6 13. Bd3 Qe7 14. O-O-O Nd7
15. e4 Kd8 16. exd5 cxd5 17. Kb1 Re8 18. Rc1 Rc8 19. Qd2 Rf8 20. Rhe1 Ndf6 21.
Ne5 Nxe5 22. dxe5 Nd7 23. Ba6 Rxc3 24. Rxc3 Nc5 25. Bb5 Qb7 26. b4 Bf5+ 27. Kc1
Ne4 28. Rxe4 Bxe4 29. Bc6 Qb8 30. Bxd5 Bxd5 31. Qxd5+ Ke7 32. Qc6 f6 33. exf6+
1-0

[Event "MCR_CF18"]
[Site "?"]
[Date "2007.??.??"]
[Round "?"]
[White "Houdek, Vladimir"]
[Black "Krizek, Alex"]
[Result "1-0"]
[WhiteElo "2167"]
[BlackElo "1939"]
[PlyCount "57"]
[EventDate "2007.??.??"]
[EventType "corr"]
[EventRounds "2"]
[SourceDate "2007.09.24"]

1. d4 d5 2. c4 Nf6 3. cxd5 Qxd5 4. Nc3 Qd8 5. Nf3 e6 6. e4 Be7 7. Be2 O-O 8.
O-O b6 9. Qc2 Bb7 10. Rd1 c6 11. Bf4 Nbd7 12. Ne5 Bb4 13. Nc4 Ba6 14. a3 Bxc3
15. bxc3 Bxc4 16. Bxc4 a6 17. Bd6 Re8 18. e5 Nd5 19. Bd3 g6 20. c4 Nf4 21. Bf1
Nh5 22. Qe4 Rc8 23. a4 f5 24. Qf3 c5 25. Rab1 cxd4 26. Rxd4 a5 27. Qb7 Ng7 28.
Rdd1 f4 29. c5 1-0

[Event "MCR_CF18"]
[Site "?"]
[Date "2007.??.??"]
[Round "?"]
[White "Houdek, Vladimir"]
[Black "Jurci, Peter"]
[Result "1/2-1/2"]
[WhiteElo "2167"]
[BlackElo "2013"]
[PlyCount "76"]
[EventDate "2007.??.??"]
[EventType "corr"]
[EventRounds "2"]
[SourceDate "2007.09.24"]

1. d4 Nf6 2. Nf3 d5 3. c4 e6 4. Nc3 Be7 5. Bg5 O-O 6. e3 Nbd7 7. Qc2 c5 8. cxd5
Nxd5 9. Bxe7 Qxe7 10. Nxd5 exd5 11. Bd3 g6 12. dxc5 Nxc5 13. Be2 b6 14. O-O Bb7
15. Rac1 Rac8 16. Nd4 f5 17. g3 Ne6 18. Qd2 Nxd4 19. exd4 f4 20. Bg4 Rxc1 21.
Rxc1 fxg3 22. hxg3 Qf7 23. Rc3 Re8 24. Rf3 Qc7 25. Re3 Re7 26. Be6+ Kg7 27. Re5
Bc6 28. Qe3 Re8 29. f4 Qd8 30. a3 a5 31. Bh3 Kf7 32. Bg2 Bb7 33. b3 Qd7 34. g4
Rxe5 35. Qxe5 Qe7 36. Qxe7+ Kxe7 37. Kf2 h6 38. g5 hxg5 1/2-1/2

[Event "MCR_CF18"]
[Site "?"]
[Date "2007.??.??"]
[Round "?"]
[White "Houdek, Vladimir"]
[Black "Benes, Jiri"]
[Result "1/2-1/2"]
[WhiteElo "2167"]
[BlackElo "1802"]
[PlyCount "48"]
[EventDate "2007.??.??"]
[EventType "corr"]
[EventRounds "2"]
[SourceDate "2007.09.24"]

1. d4 g6 2. e4 Bg7 3. Nc3 d6 4. Nf3 Nf6 5. Be2 O-O 6. O-O Nc6 7. d5 Nb8 8. h3
Nbd7 9. Be3 c6 10. Re1 a6 11. a4 Qa5 12. Qd3 Re8 13. Qc4 Nb6 14. Qb3 Nbd7 15.
Qa2 h6 16. Rad1 Rb8 17. Qb1 cxd5 18. exd5 Ne5 19. Nxe5 dxe5 20. Qa2 Qb4 21. Qc4
Qxc4 22. Bxc4 Bf5 23. Bb3 g5 24. a5 Rbc8 1/2-1/2

[Event "MCR_CF18"]
[Site "?"]
[Date "2007.??.??"]
[Round "?"]
[White "Benes, Jiri"]
[Black "Novak, Vaclav"]
[Result "1-0"]
[WhiteElo "1802"]
[BlackElo "2001"]
[PlyCount "65"]
[EventDate "2007.??.??"]
[EventType "corr"]
[EventRounds "2"]
[SourceDate "2007.09.24"]

1. c4 g6 2. d4 Bg7 3. e4 d6 4. Nf3 Nf6 5. Nc3 O-O 6. Be2 Nbd7 7. O-O c6 8. Qc2
e5 9. d5 Nh5 10. Bg5 f6 11. Be3 Nf4 12. dxc6 Nxe2+ 13. Qxe2 bxc6 14. Rfd1 Qc7
15. Qd3 Nb6 16. b3 Bg4 17. Qxd6 Qc8 18. c5 Nd7 19. h3 Bxf3 20. Qe6+ Rf7 21. Rd6
Nf8 22. Qxc8 Rxc8 23. gxf3 f5 24. Kh1 f4 25. Bd2 Nd7 26. b4 Bf8 27. Rd3 a5 28.
a3 Nf6 29. Na4 axb4 30. Nb6 Rcc7 31. axb4 Ra7 32. Rxa7 Rxa7 33. Bc3 1-0

[Event "MCR_CF18"]
[Site "?"]
[Date "2007.??.??"]
[Round "?"]
[White "Benes, Jiri"]
[Black "Mudra, Oldrich"]
[Result "1/2-1/2"]
[WhiteElo "1802"]
[BlackElo "2116"]
[PlyCount "93"]
[EventDate "2007.??.??"]
[EventType "corr"]
[EventRounds "2"]
[SourceDate "2007.09.24"]

1. c4 e6 2. Nc3 d5 3. d4 Nf6 4. Nf3 c6 5. e3 Nbd7 6. Bd3 dxc4 7. Bxc4 b5 8. Bd3
Bb7 9. e4 b4 10. Na4 c5 11. e5 Nd5 12. Nxc5 Nxc5 13. dxc5 Bxc5 14. O-O h6 15.
Nd2 Nc3 16. Qc2 Qd5 17. Nf3 Rd8 18. Ne1 Bd4 19. Bd2 Nb5 20. Bxb4 Bxe5 21. Qa4
a6 22. Rc1 Bd6 23. Bxd6 Rxd6 24. Rd1 Qc5 25. b4 Qc6 26. Be4 Qd7 27. Rxd6 Nxd6
28. Qxd7+ Kxd7 29. Bxb7 Nxb7 30. a4 Rc8 31. Nd3 Ke7 32. Rb1 Rc3 33. Rd1 a5 34.
Kf1 Kf6 35. b5 Ra3 36. Nb2 Nc5 37. Rb1 Ke7 38. h3 f6 39. h4 g6 40. g3 e5 41.
Ke1 e4 42. Kf1 Nd7 43. Rc1 Ra2 44. Rc2 h5 45. Ke1 g5 46. Kd2 Nb6 47. Kc3
1/2-1/2

[Event "MCR_CF18"]
[Site "?"]
[Date "2007.??.??"]
[Round "?"]
[White "Benes, Jiri"]
[Black "Mikolas, Jan"]
[Result "1/2-1/2"]
[WhiteElo "1802"]
[BlackElo "2123"]
[PlyCount "69"]
[EventDate "2007.??.??"]
[EventType "corr"]
[EventRounds "2"]
[SourceDate "2007.09.24"]

1. c4 c5 2. Nf3 Nf6 3. Nc3 Nc6 4. d4 cxd4 5. Nxd4 g6 6. e4 Bg7 7. Be3 O-O 8.
Be2 b6 9. f4 Bb7 10. e5 Ne8 11. Bf3 Rc8 12. O-O d6 13. Ndb5 Rb8 14. Bxc6 Bxc6
15. Nxa7 Bd7 16. Qe2 dxe5 17. Rad1 Qc7 18. Nab5 Qc8 19. Nd5 Bg4 20. Nxe7+ Kh8
21. Nxc8 Bxe2 22. Nxb6 exf4 23. Bc5 Rg8 24. b4 Bxf1 25. Kxf1 h5 26. a4 Nf6 27.
a5 Ng4 28. a6 Ne3+ 29. Bxe3 fxe3 30. c5 Rbe8 31. Ke2 Re4 32. Nd5 Be5 33. h3 Rc4
34. Kd3 e2 35. Re1 1/2-1/2

[Event "MCR_CF18"]
[Site "?"]
[Date "2007.??.??"]
[Round "?"]
[White "Benes, Jiri"]
[Black "Krizek, Alex"]
[Result "1/2-1/2"]
[WhiteElo "1802"]
[BlackElo "1939"]
[PlyCount "63"]
[EventDate "2007.??.??"]
[EventType "corr"]
[EventRounds "2"]
[SourceDate "2007.09.24"]

1. c4 e5 2. Nc3 Nf6 3. Nf3 Nc6 4. d4 exd4 5. Nxd4 Bb4 6. Nxc6 bxc6 7. Bg5 O-O
8. e3 h6 9. Bh4 g5 10. Bg3 Ne4 11. Qc2 Qf6 12. Rc1 Nxc3 13. bxc3 Ba3 14. Rb1 d6
15. Bd3 Bc5 16. O-O Re8 17. Be4 Bd7 18. Rb7 Rac8 19. Rfb1 Bb6 20. a4 Rxe4 21.
Qxe4 Bf5 22. Qf3 Qe6 23. R1xb6 axb6 24. c5 bxc5 25. h4 Be4 26. Qh5 Qg6 27.
Qxg6+ Bxg6 28. a5 Bd3 29. f3 f5 30. hxg5 hxg5 31. Kf2 Kf8 32. Bh2 1/2-1/2

[Event "MCR_CF18"]
[Site "?"]
[Date "2007.??.??"]
[Round "?"]
[White "Benes, Jiri"]
[Black "Jurci, Peter"]
[Result "1/2-1/2"]
[WhiteElo "1802"]
[BlackElo "2013"]
[PlyCount "63"]
[EventDate "2007.??.??"]
[EventType "corr"]
[EventRounds "2"]
[SourceDate "2007.09.24"]

1. c4 Nf6 2. Nf3 g6 3. Nc3 Bg7 4. d4 d6 5. e4 O-O 6. Be2 e5 7. dxe5 dxe5 8.
Qxd8 Rxd8 9. Bg5 Re8 10. Nd5 Nxd5 11. cxd5 c6 12. Rd1 cxd5 13. exd5 h6 14. Be3
Rd8 15. O-O b6 16. Bc4 Bb7 17. Rfe1 Nd7 18. b3 Rac8 19. Bc1 Nf6 20. Nxe5 Bxd5
21. f3 Bxc4 22. Rxd8+ Rxd8 23. Nxc4 b5 24. Ne3 Nh5 25. g3 f5 26. Rd1 Rxd1+ 27.
Nxd1 Kf7 28. Kf1 Nf6 29. Ne3 Nd7 30. Nd5 Ne5 31. Ke2 Nc6 32. h4 1/2-1/2

[Event "MCR_CF18"]
[Site "?"]
[Date "2007.??.??"]
[Round "?"]
[White "Benes, Jiri"]
[Black "Houdek, Vladimir"]
[Result "1/2-1/2"]
[WhiteElo "1802"]
[BlackElo "2167"]
[PlyCount "52"]
[EventDate "2007.??.??"]
[EventType "corr"]
[EventRounds "2"]
[SourceDate "2007.09.24"]

1. c4 e5 2. Nc3 Nf6 3. Nf3 Nc6 4. g3 d5 5. cxd5 Nxd5 6. Bg2 Nb6 7. d3 Be7 8.
O-O O-O 9. a4 a5 10. Be3 Re8 11. Rc1 Bf8 12. Bxb6 cxb6 13. e3 Bg4 14. h3 Bh5
15. g4 Bg6 16. Qb3 Nb4 17. d4 exd4 18. Nxd4 Bc5 19. Ncb5 Qe7 20. Rfd1 Rac8 21.
Nc3 h5 22. Nf5 Bxf5 23. gxf5 Qf6 24. Nd5 Qxf5 25. Nxb4 Bxb4 26. Qd5 Qxd5
1/2-1/2